LIBRARY ONLINE CATALOGUE

Make your point : (Record no. 20181)

MARC details
000 -LEADER
fixed length control field 00431nam a22001457a 4500
008 - FIXED-LENGTH DATA ELEMENTS--GENERAL INFORMATION
fixed length control field 230612b |||||||| |||| 00| 0 eng d
020 ## - INTERNATIONAL STANDARD BOOK NUMBER
International Standard Book Number 9780981960807
050 ## - LIBRARY OF CONGRESS CALL NUMBER
Classification number PE1128
Item number .C37 2009
100 ## - MAIN ENTRY--PERSONAL NAME
Personal name Carroll, Kevin
245 ## - TITLE STATEMENT
Title Make your point :
Remainder of title Speak and concisely anyplace, anytime/
Statement of responsibility, etc. Kevin Carroll and Bob Elliott
260 ## - PUBLICATION, DISTRIBUTION, ETC. (IMPRINT)
Name of publisher, distributor, etc. Second avenue press
Date of publication, distribution, etc. 2009
300 ## - PHYSICAL DESCRIPTION
Extent xii, 110p.
700 ## - ADDED ENTRY--PERSONAL NAME
Personal name Elliott, Bob
942 ## - ADDED ENTRY ELEMENTS (KOHA)
Source of classification or shelving scheme Library of Congress Classification
Koha item type General Collection
Holdings
Withdrawn status Lost status Source of classification or shelving scheme Not for loan Home library Current library Date acquired Cost, normal purchase price Inventory number Total Checkouts Full call number Barcode Date last seen Date last checked out Copy number Price effective from Koha item type
    Library of Congress Classification   Kabarak, Main Campus Kabarak, Main Campus 12/06/2023 2385.00 2296/2022 1 PE1128 .C37 2009 C.2 34989 28/11/2024 07/11/2024 C.2 12/06/2023 General Collection
    Library of Congress Classification   Kabarak, Main Campus Kabarak, Main Campus 12/06/2023 2385.00 2131/2022 1 PE1128 .C37 2009 C.1 35009 24/07/2023 10/07/2023 C.1 12/06/2023 General Collection